Quizzes
Events
Quiz Creation
Community
Videos
Private Events
Remove Ads
Sign In
Join for FREE
Feedback
Dark Mode
Quiz Categories
Sports
Geography
Music
Movies
Television
Just For Fun
Miscellaneous
History
Literature
Language
Science
Gaming
Entertainment
Religion
Holiday
For Kids
Quiz Lab
Recent
Popular Today
Quiz Kudos Today
Editor Picks
Curator Picks
Quizzes by...
Day
Popularity
Type
Ratings
Length
Year
Community
Subscriptions
Recent Discussions
Orange Saloon
Badges
Playlists
Quests
Create
Leaderboards
Showdown
Live 5
Trivia Bingo
Activity
Puzzle Library
Sporcle Events
Private Events
Virtual Trivia
Globe League
Become a Host
Pub Owners
SporcleCon
Opinionation
Our Games
Videos
Blog
Mobile Apps
Partnerships
Remove Ads and Go Orange
Feedback
Sports
Athletes
MLB
NBA
NHL
NFL
Soccer
Sports Teams
WWE
NCAA
Football
Premier League
Basketball
Baseball
Hockey
Golf
Tennis
Cricket
Rugby
Auto Racing
Olympics
World Cup
Sports
Athletes
MLB
NBA
NHL
NFL
Soccer
Sports Teams
WWE
NCAA
Football
Premier League
Basketball
Baseball
Hockey
Golf
Tennis
Cricket
Rugby
Auto Racing
Olympics
World Cup
Random Quiz
Search Sporcle
×
Quiz Lab
Quiz Lab
Sports
NFL
Type in answers that appear in a list
Type in answers that appear in a list
Classic
Best Score? Go Orange.
NFL Starting Running Backs Stats
Can you name the NFL Starting Running Backs?
By
benneb96
2m
32 Questions
1,270 Plays
1,270 Plays
1,270 Plays
Comments
Comments
Give Quiz Kudos
Give Quiz Kudos
-
- Ratings
hide this ad
Forced Order
Answers have to be entered in order
Answers have to be entered in order
Replay
Link that replays current quiz
Next Quiz
Link to next quiz in quiz playlist
You Got
0%
They Got
Avg Score
65%
Avg Friend Score
Upgrade to see
Score Distribution
Jump to the score distribution portion of the page
Score
0/32
Timer
02:00
0
Plays Today
NFL Running Backs
% Correct
Adrian Peterson
98.7%
Maurice Jones-Drew
86.5%
Steven Jackson
85.4%
Chris Johnson
84.4%
Michael Turner
82.8%
DeAngelo Williams
82.7%
Ray Rice
82.4%
Ronnie Brown
81.6%
Matt Forte
80.7%
LaDainian Tomlinson
78%
Joseph Addai
76.1%
Brian Westbrook
75.4%
Steve Slaton
75.3%
Thomas Jones
74.7%
Ryan Grant
69.1%
Marion Barber
68.7%
NFL Running Backs
% Correct
Marshawn Lynch
66.5%
Kevin Smith
66.4%
Brandon Jacobs
65.3%
Pierre Thomas
60.9%
Knowshon Moreno
58%
Tim Hightower
57.8%
Frank Gore
55.7%
Julius Jones
50.6%
Jamal Lewis
45.8%
Cedric Benson
44.9%
Laurence Maroney
42.5%
Justin Fargas
42%
Carnell Williams
39.8%
Willie Parker
38.3%
Larry Johnson
36.2%
Clinton Portis
35%
Quiz Playlist
Details
Report
Send in Message
Add To Playlist
Classic:
Type in answers that appear in a list
Forced Order:
Answers have to be entered in order
Last Updated: Feb 16, 2017
Quiz Scoreboard
CHALLENGE
Sign Up to Join the Scoreboard
Show All
Scores
Hide
Comments
May contain spoilers
Recently Published
Movies - When Are They Set?
by FPL_Elf
Movies
5m
Popular People in 1961
by mucciniale
History
6m
1-10 Letter E Words III
by El_Dandy
Language
2m
More to Explore
Quiz From the Vault
Featured Blog Post
Where Did the Easter Bunny Come From?
hide this ad
You Might Also Like...
Tags
City Quiz
NFL Quiz
Running
Running Backs
Starting
Today's Top Quizzes in Sports
Browse Sports
hide this ad
Today's Top Quizzes in NFL
Browse NFL
Top Contributed Quizzes in Sports
1
Les meilleurs buteurs des matchs entre le PSG et l’OM
2
FIFA Club World Cup Champions
3
Les entraîneurs de l'OM et du PSG au 21e siècle
4
2022 World Cup Stars
5
Name the Premier League winners with different clubs
6
La finale Lions - Afrique du Sud 2021
7
Criteria MLB: Left Handed Sluggers
8
Les joueurs passés par le LOSC et le RC Lens
9
Players with Multiple 50 Home Run Seasons
10
MLB Players with Two .350 Batting Average Seasons
Explore More
Trending Topics
Marvel
Anime
Kpop
Crossword
Disney
NBA
Harry Potter
Pokémon
Song
NFL
WWE
Soccer
The Office
Puzzle
Country
hide this ad
More By:
benneb96
Quiz
Plays
Rating
Category
Featured
Created
Top 10 Sports Franchises of All Time
3,927
1.91
Sports
Oct 28, 2009
NFL Starting Running Backs
1,270
1.77
Sports
Oct 27, 2009
alphabet foward then backward then numbers
1,074
2.20
Language
Oct 27, 2009
Are you a BOSS?
335
1.67
Just For Fun
Nov 1, 2009
Years the Yankees Won the World Series
269
2.00
Sports
Oct 28, 2009
Go to Creator's Profile
Score Distribution
Quiz Creator Spotlight
benneb96
Follow
Send a Message
Quizzes Created
-
Created Quiz Play Count
-
More By This Creator
Popular Quizzes Today
1
Find the Countries of Europe - No Outlines Minefield
2
Find the US States - No Outlines Minefield
3
The Countries of the World
4
Popular People in 1961
5
1-10 Letter E Words III
6
US States
7
Find the US States
8
One Thing in Common: World Cities II
More Sports Quizzes
England Football Shirts Through The Years
Quiz Lab
Trending Quizzes
Risky Map Clicking: Least Populous States A-Z
Humor Books: The Subtitles
1-10 Letter F Words
1-10 Letter G Words
One Thing in Common: United Kingdom
Recently Updated
Leaping Animals
pecheneg
Reality TV Shows (A-Z)
bhenderson79
Rickey Henderson's Hall of Fame Teammates
pecheneg
Champions League XIs: Arsenal
pecheneg
Quick Pick: Celebrities in WWE's Hall of Fame
aduchscher
A-Z Keypad Blitz II
pecheneg
Multiple Oscar Actors
pecheneg
Mystery Phrase Blitz: Oscar 'Best Actors'
pecheneg
F. Scott Fitzgerald Novels
LTH
Pick 3 Villains
ddd62291
Trending Topics
NBA
Anime
Disney
Marvel
Crossword
Harry Potter
Kpop
Soccer
The Office
WWE
Country
Pokémon
NFL
Song
Puzzle
Your Account Isn't Verified!
In order to create a playlist on Sporcle, you need to verify the email address you used during registration. Go to your
Sporcle Settings
to finish the process.
Report this User
Report this user for behavior that violates our
Community Guidelines
.
Details:
Send Report
Go to the Sporcle.com Mobile Site →
Comments